Taylor Swift songs starting with W - Statistics

General Stats
  • This quiz has been taken 64 times
    51 since last reset
  • The average score is 7 of 11
Answer Stats
Answer % Correct
Wonderland
79%
Would've Could've Should've
79%
We Are Never Ever Getting Back Together
77%
White Horse
69%
Who's Afraid Of Little Old Me?
69%
Willow
69%
Welcome To New York
64%
Wildest Dreams
59%
We Were Happy
56%
When Emma Falls In Love
54%
The Way I Loved You
31%
No matching quizzes found
Score Distribution
Percent of People with Each Score
Percentile by Number Answered
Your Score History
You have not taken this quiz since the last reset